Paris immigration by countries - Statistics

General Stats
  • This quiz has been taken 100 times
    99 since last reset
  • The average score is 27 of 36
Answer Stats
Hint Answer % Correct
330 935 Africa Algeria
94%
253 518 Africa Morocco
94%
45 828 Europe Spain
94%
9 215 134 Europe France
93%
20 523 Europe Germany
93%
127 827 Africa Tunisia
93%
17 789 Europe United Kingdom
93%
17 783 North America United States
93%
58 141 Europe Italy
89%
35 871 Europe Poland
87%
29 623 Asia India
85%
234 399 Europe Portugal
85%
17 887 South America Brazil
83%
71 500 Asia China
83%
19 019 Europe Russia
82%
60 124 Africa Senegal
80%
53 848 Europe Romania
79%
36 685 North America Haïti
76%
66 085 Africa Mali
76%
45 370 Africa Cameroon
73%
20 178 Asia Pakistan
72%
35 251 Asia Viêt-Nam
70%
52 449 Africa DR Congo
69%
63 810 Africa Ivory-Coast
69%
67 982 Asia Turkey
69%
38 651 Africa Republic of the Congo
66%
18 709 Africa Guinea
65%
25 632 Europe Serbia
62%
21 006 Asia Lebanon
59%
30 321 Asia Cambodia
56%
21 002 Africa Madagascar
55%
45 786 Asia Sri Lanka
49%
81 269 North America Guadeloupe
46%
79 959 North America Martinique
45%
18 840 Africa Mauritius
44%
30 077 Africa Réunion
32%
No matching quizzes found
Score Distribution
Percent of People with Each Score
Percentile by Number Answered
Your Score History
You have not taken this quiz since the last reset